Sports Quiz

Random Sports or NFL Quiz

NFL 700+ Receiving Yard Trios (2000s) Quiz Stats

 Plays Quiz Updated Mar 9, 2016

Challenge
Share
Tweet
Embed
Score 0/98 Timer 09:00
0 Plays Today
% Correct
Andre Johnson
93.1%
Andre Johnson
93.1%
Calvin Johnson
93.1%
Keyshawn Johnson
93%
Bryant Johnson
92.9%
Larry Fitzgerald
89.9%
Larry Fitzgerald
89.9%
Larry Fitzgerald
89.9%
Reggie Wayne
89.7%
Reggie Wayne
89.7%
Jimmy Smith
88.7%
Steve Smith
88.6%
Desean Jackson
88.5%
Vincent Jackson
88.4%
Steven Jackson
88.2%
Marvin Harrison
88%
Randy Moss
87.8%
Santana Moss
87.6%
Torry Holt
86.9%
Torry Holt
86.9%
Torry Holt
86.9%
Isaac Bruce
84.2%
Isaac Bruce
84.2%
Isaac Bruce
84.2%
Marques Colston
82%
Marques Colston
82%
Marques Colston
82%
Anquan Boldin
81.8%
Anquan Boldin
81.8%
Anquan Boldin
81.8%
Hines Ward
81%
Dedric Ward
80.7%
Antonio Gates
79.7%
% Correct
Antonio Gates
79.7%
Tim Brown
74.9%
Reggie Brown
74.8%
Terrell Owens
74.7%
Santonio Holmes
71.9%
Dallas Clark
71.4%
Jerry Rice
69.4%
Tony Gonzalez
65.5%
Tony Gonzalez
65.5%
Marshall Faulk
63.4%
Marshall Faulk
63.4%
Jason Witten
62.6%
Jason Witten
62.6%
Roy E. Williams
62.4%
Amani Toomer
61.9%
Heath Miller
59.6%
Jeremy Maclin
59.2%
Derrick Mason
53.9%
Hakeem Nicks
48.4%
Mike Wallace
48%
Freddie Jones
47.1%
Keenan McCardell
46.4%
Keenan McCardell
46.4%
Pierre Garcon
45.6%
Brent Celek
43.5%
Todd Heap
43.3%
Lance Moore
43%
Brian Westbrook
42.2%
Devery Henderson
42%
Devery Henderson
42%
Devery Henderson
42%
Reggie Bush
41.4%
Steve Breaston
40.4%
% Correct
Steve Breaston
40.4%
Owen Daniels
39.9%
Owen Daniels
39.9%
Chris Cooley
39.9%
Malcolm Floyd
38.7%
Mario Manningham
38.3%
Jeff Graham
37.2%
Wayne Chrebet
36.9%
Terry Glenn
35.6%
Tiki Barber
35.1%
Terry Glenn
33.7%
Kevin Walter
33%
Kevin Walter
33%
Brandon Stokley
32.5%
Robert Meachem
30.8%
Antwaan Randle El
22.9%
Eddie Kennison
22.6%
Eddie Kennison
22.6%
Az-Zahir Hakim
22.5%
Kevin Curtis
20.2%
Eric Parker
18.7%
Ike Hilliard
17.9%
Nate Burleson
17.9%
Mark Clayton
17.4%
Charlie Garner
12.7%
Richie Anderson
12.4%
Kyle Brady
10.1%
Johnny Morton
9%
Johnny Morton
9%
Curtis Conway
7.2%
Shaun McDonald
3.8%
Jermaine Wiggins
3.7%

You're not logged in!

Compare scores with friends on all Sporcle quizzes.
Join for Free
OR
Log In

You Might Also Like...

Show Comments

Extras

Top Quizzes Today


Score Distribution

Your Account Isn't Verified!

In order to create a playlist on Sporcle, you need to verify the email address you used during registration. Go to your Sporcle Settings to finish the process.

Report this User

Report this user for behavior that violates our Community Guidelines.

Details: